Central Library OPAC University of Rajshahi

Directing a play / (Record no. 16919)

MARC details
000 -LEADER
fixed length control field 00768nam a2200277 a 4500
001 - CONTROL NUMBER
control field 16919
003 - CONTROL NUMBER IDENTIFIER
rucl marc code BD-RjUL
005 - DATE AND TIME OF LATEST TRANSACTION
control field 20211209000051.0
008 - FIXED-LENGTH DATA ELEMENTS--GENERAL INFORMATION
fixed length control field 140215r20031993enka 001 0 eng d
020 ## - INTERNATIONAL STANDARD BOOK NUMBER
International Standard Book Number 0714825131
035 ## - SYSTEM CONTROL NUMBER
System control number (BD-RjUL)16975
040 ## - CATALOGING SOURCE
Original cataloging agency LC
Language of cataloging eng
Transcribing agency LC
Modifying agency BD-RjUL
041 ## - LANGUAGE CODE
Language code of text/sound track or separate title eng
082 00 - DEWEY DECIMAL CLASSIFICATION NUMBER
Classification number 792.0233
Edition number 19
Author mark and year MCD 2003
100 1# - MAIN ENTRY--PERSONAL NAME
Personal name McCaffery, Michael.
9 (RLIN) 52232
245 10 - TITLE STATEMENT
Title Directing a play /
Statement of responsibility, etc. Michael McCaffery.
250 ## - EDITION STATEMENT
Edition statement rev. ed.
260 ## - PUBLICATION, DISTRIBUTION, ETC. (IMPRINT)
Place of publication, distribution, etc. Oxford :
Name of publisher, distributor, etc. Phaidon,
Date of publication, distribution, etc. c1993 [Reprinted 2003].
300 ## - PHYSICAL DESCRIPTION
Pagination 128 p. :
Illustrations ill. ;
Size 22 cm.
490 0# - SERIES STATEMENT
Series statement A Phaidon theatre manual
500 ## - GENERAL NOTE
General note Includes index.
504 ## - BIBLIOGRAPHY, ETC. NOTE
Bibliography, etc Bibliography: p125.
650 #0 - SUBJECT ADDED ENTRY--TOPICAL TERM
Topical term or geographic name as entry element Theater
General subdivision Production and direction.
9 (RLIN) 50317
942 ## - ADDED ENTRY ELEMENTS (KOHA)
Source of classification or shelving scheme Dewey Decimal Classification
Koha item type Books
Holdings
Lost status Source of classification or shelving scheme Damaged status Not for loan Collection code Permanent Location Current Location Shelving location Date acquired Source of acquisition Cost, normal purchase price Total Checkouts Full call number Date last seen Copy number Koha item type
  Dewey Decimal Classification     Non-fiction Central Library, University of Rajshahi Central Library, University of Rajshahi   11/04/2004 Phaidon Press 9.95   792.0233 MCD 2003 15/02/2014 C-2 Books